00655nam a22001817a 4500003000900000008004100009040007100050082001700121100001900138245003900157260003500196300002800231505013600259650001500395650001500410650001500425700003300440AR-CdUCM190503b ||||| |||| 00| 0 spa d aMUNICIPALIDAD PROVINCIAL DEL CUSCOcBIBLIOTECA MUNICIPAL DEL CUSCO a335.4 /bS82 aStojanovic, S. aCritica del socialismo de estado / aMadrid :bFundamentos, c1972. a152 páginas ;c20 cm. aContenido : El mito estatal del socialismo -- El partido comunista en la encrucijada de los caminos -- Socialismo y democracia ...  aSocialismo aDemocracia aPolítica aVadillo, Luis (Traducción)